000
00289nam a2200085Ia 4500
245
0
_a
Criminal justice social work : a South African practice framework
100
_a
Holtzhausen, Leon Claremont [South Africa], 2012
_9
67824
942
_c
BK
008
210817s9999 xx 000 0 und d
999
_c
268030
_d
268030